000 00442nmm a2200157Ia 4500
008 251105s9999||||xx |||||||||||||||||und||
020 _a9789580613411
041 _aspa
100 _aFernández, Luis Alfonso
245 0 _aDe última hora
264 _a[Bogotá, Colombia] :
_bOveja Negra,
_c2016
300 _a108 páginas
650 _aLatin American narrative
856 _uhttps://public.digitaliapublishing.com/a/46706
942 _cCF
999 _c94982
_d94982